000 00729nam a2200253Ia 4500
003 GCL
005 20240530102035.0
008 140319s9999 xx 000 0 ara d
040 _aGCL /
_cGCL
082 0 4 _a071.962
_bق/د س
100 1 _aدار الهلال
245 1 0 _aسجل الهلال المصور 1992-1892 /
_cدار الهلال
260 _a[S.N] :
_bدار الهلال للطباعة والنشر ،
_c1992
650 0 4 _aمصر
650 0 4 _aالسياسة
650 0 4 _aالفن
650 0 4 _aالاعلام
650 0 4 _aالصحافة العربية
650 0 4 _aالصحابة
650 0 4 _aالصور
650 0 4 _aصور الاشخاص
650 0 4 _aالمجموعات
942 _2ddc
_cBK
999 _c29352
_d29352